000 00668nam a2200229Ia 4500
001 911
003 GE_BSU
008 181216s||||||||xx |||||||||||||| ||und||
020 _a5762101401
040 _cGE_BSU
080 _a338.48
100 _aЗапесоцкий, А.С.
245 _aСтратегический маркетинг в туризме. Теория и практика.
260 _aСПБ
260 _bГуманитарный ун-т
260 _c2003
300 _a340 с.
541 _h10 л.
653 _aСтратегический маркетинг в туризме.
653 _aმარკეტინგი
942 _cBK
999 _c35070
_d35070